Sports Quiz

Random Sports or Football Quiz

Representing in the UEFA Europa League Quiz Stats

 Plays Quiz not verified by Sporcle

Challenge
Share
Tweet
Embed
Score 0/39 Timer 07:00
0 Plays Today
Nation Teams % Correct
EnglandChelsea, Birmingham City, Arsenal, Everton, Fulham, Liverpool, Manchester City, Manchester United, Newcastle United, Southampton, Stoke City, Swansea City, Tottenham Hotspur, Wigan
96.4%
FranceBordeaux, Guingamp, Lille, Lyon, Marseille, Monaco, Nice, Paris Saint-Germain, Rennes, Saint-Étienne, Toulouse
95.2%
ItalyAC Milan, Atalanta, Fiorentina, Genoa, Internazionale, Juventus, Lazio, Napoli, Palermo, Roma, Sampdoria, Sassuolo, Torino, Udinese
93.2%
GermanyAugsburg, Bayer Leverkusen etc.
92.9%
NetherlandsAjax, AZ Alkmaar, Feyenoord, Groningen, Heerenveen, PSV Eindhoven, Twente, Utrecth,Vitesse
91.8%
PortugalAcadémica, Belenenses, Benfica, Braga, Estoril, Marítimo, Nacional, Paços de Ferreira, Porto, Rio Ave, Sporting CP, Vitória de Guimarães
90.7%
BelgiumAnderlecht, Club Brugge, Genk, Gent, Lokeren, Standard Liège, Zulte Waregem
90.6%
GreeceAEK Athens, Aris, Asteras Tripoli, Olympiacos, Panathinaikos, PAOK
89.2%
SpainAthletic Bilbao, Atlético Madrid, Celta Vigo, Getafe, Levante, Real Betis, Real Sociedad, Sevilla, Valencia, Villarreal
88.8%
ScotlandCeltic, Rangers
88.5%
RussiaAnzhi Makhachkala, CSKA Moscow, Dynamo Moscow, Kuban Krasnodar, Lokomotiv Moscow, Rubin Kazan, Spartak Moscow, Zenit St. Petersburg
86.9%
AustriaAustria Wien, Rapid Wien, Red Bull Salzburg, Sturm Graz
83.9%
TurkeyAkhisar Belediyespor, Beşiktaş, Fenerbahçe, Galatasaray, İstanbul Başakşehir, Konyaspor, Osmanlıspor, Trabzonspor
82.9%
SwitzerlandFC Basel, Lugano, Sion, St. Gallen, Thun, Young Boys, Zürich
80.3%
CroatiaDinamo Zagreb, Hajduk Split, Rijeka
77.4%
UkraineChornomorets Odesa, Dnipro Dnipropetrovsk, Dynamo Kyiv, Karpaty Lviv, Metalist Kharkiv, Shakhtar Donetsk, Vorskla Poltava, Zorya Luhansk
76%
CzechiaFastav Zlín, Jablonec, Slavia Prague, Slovan Liberec, Sparta Prague, Viktoria Plzeň
74.9%
DenmarkAalborg, København, Esbjerg, Midtjylland, Odense
73.4%
CyprusAEK Larnaca, AEL Limassol, APOEL, Apollon Limassol
71.9%
IsraelHapoel Be'er Sheva, Hapoel Tel Aviv, Ironi Kiryat Shmona, Maccabi Haifa, Maccabi Tel Aviv
71%
Nation Teams % Correct
SwedenAIK, Elfsborg, Helsingborg, Malmö, Östersund
70.4%
PolandLech Poznań, Legia Warsaw, Wisła Kraków
68.2%
FinlandHJK Helsinki
64.7%
RomaniaAstra Giurgiu, CFR Cluj, Dinamo București, Pandurii Târgu Jiu, Rapid București, Steaua București, Timișoara, Vaslui
63.4%
BulgariaCSKA Sofia, Levski Sofia, Ludogorets Razgrad
62.9%
NorwayMolde, Rosenborg, Sarpsborg 08, Tromsø
61.7%
BelarusBATE Borisov, Dinamo Minsk
60.3%
KazakhstanAstana, Shakhter Karagandy
55.6%
SerbiaPartizan Belgrade, Red Star Belgrade
55.4%
LuxembourgF 91 Dudelange
53.8%
IrelandDundalk, Shamrock Rovers
53.1%
AzerbaijanGabala, Neftchi Baku, Qarabağ
41.2%
SloveniaMaribor
38.8%
HungaryDebrecen, Videoton
37.4%
MacedoniaVardar
30.3%
SlovakiaSlovan Bratislava, Spartak Trnava
28.8%
MoldovaSheriff Tiraspol
25.7%
AlbaniaSkënderbeu Korçë
22.3%
LatviaVentspils
14.2%

You're not logged in!

Compare scores with friends on all Sporcle quizzes.
OR
Log In

You Might Also Like...

Show Comments

Extras

Top Quizzes Today


Score Distribution

Your Account Isn't Verified!

In order to create a playlist on Sporcle, you need to verify the email address you used during registration. Go to your Sporcle Settings to finish the process.

Report this User

Report this user for behavior that violates our Community Guidelines.

Details: